| Tag |
First Indicator |
Second Indicator |
Subfields |
| LEADER |
00000cam a2200000Ia 4500 |
| 001 |
in00002301774 |
| 005 |
20190326195923.0 |
| 006 |
m | d | |
| 007 |
cr |n||||||||n |
| 008 |
880606s1682 fr s 000 0 fre d |
| 010 |
|
|
|a nuc87594338
|
| 040 |
|
|
|a ResP
|c GKS
|d RQM
|d OCL
|d Thomson Gale
|d UtOrBLW
|
| 100 |
1 |
|
|a Le Coreur, Jean,
|d active 1682-1696.
|
| 245 |
1 |
0 |
|a Traité de la pratique des billets entre les negocians /
|c par ..., docteur en theologie.
|
| 264 |
|
1 |
|a Louvain :
|b Chés Loüis Du Prat ...,
|c 1682.
|
| 300 |
|
|
|a 10 unnumbered pages, 275 pages ;
|c 13 cm.
|
| 336 |
|
|
|a text
|b txt
|2 rdacontent
|
| 337 |
|
|
|a computer
|b c
|2 rdamedia
|
| 338 |
|
|
|a online resource
|b cr
|2 rdacarrier
|
| 500 |
|
|
|a Running title: Traitté des billets.
|
| 500 |
|
|
|a Reproduction of original from Kress Library of Business and Economics, Harvard University.
|
| 500 |
|
|
|a Goldsmiths'-Kress number 02469.1.
|
| 510 |
4 |
|
|a OCLC,
|c 20891321
|
| 533 |
|
|
|a Electronic reproduction.
|b Farmington Hills, Mich. :
|c Thomson Gale,
|d 2005.
|f (The making of the modern world).
|n Available via the World Wide Web.
|n Access limited to licensing agreements.
|7 s2005 miunns
|
| 500 |
|
|
|a Electronic resource.
|
| 650 |
|
0 |
|a Promissory notes
|v Early works to 1800.
|
| 650 |
|
0 |
|a Loans
|v Early works to 1800.
|
| 650 |
|
0 |
|a Usury laws
|v Early works to 1800.
|
| 655 |
|
0 |
|a Electronic books.
|
| 830 |
|
0 |
|a Making of the modern world (Goldsmiths'-Kress Library of Economic Literature)
|
| 856 |
4 |
0 |
|u http://proxy.library.tamu.edu/login?url=http://galenet.galegroup.com/servlet/MOME?af=RN&ae=U103746926&srchtp=a&ste=14&locID=txshracd2898
|z Connect to the full text of this electronic book
|t 0
|
| 999 |
|
|
|a MARS
|
| 999 |
f |
f |
|s d998c12b-76c3-38fd-b196-07d2cede7140
|i ffa52304-2988-3b5e-8f91-ce17295ad29a
|t 0
|
| 952 |
f |
f |
|a Texas A&M University
|b College Station
|c Electronic Resources
|d Available Online
|t 0
|h No information provided
|
| 998 |
f |
f |
|t 0
|l Available Online
|